| 000 | 00529 a2200205 4500 | ||
|---|---|---|---|
| 260 | _aEschborn | ||
| 100 | _aHENNING-HELBIG, SABINE | ||
| 260 | _bGTZ | ||
| 245 | _aInstructions pour la mise en oeuvre de teretriosoma nigrescens dans la lutte biologique contre prostephanus truncatus | ||
| 300 | _av-55 p. | ||
| 650 | _alutte biologique | ||
| 650 | _ateretriosom nigrescens | ||
| 650 | _aprostephanus truncatus | ||
| 260 | _c1995 | ||
| 300 | _bill. | ||
| 130 | _lFR | ||
| 710 | _aGTZ | ||
| 999 |
_c29292 _d29292 |
||